| 000 | 00510aam a2200205 4500 | ||
|---|---|---|---|
| 005 | 20170109103130.0 | ||
| 008 | 150427b xxu||||| |||| 00| 0 spa d | ||
| 020 | _a9789968480079 | ||
| 041 | _aspa | ||
| 082 | _a388.3 M294m9 | ||
| 245 | _aManual del conductor | ||
| 250 | _a9 edición | ||
| 260 |
_aCosta Rica _bEUNED _c2015 |
||
| 300 | _a240 páginas | ||
| 650 |
_aCOSTA RICA _935650 |
||
| 650 |
_aMANUAL DEL CONDUCTOR _96 |
||
| 650 |
_aEDUCACION VIAL _97 |
||
| 650 |
_aLEY DE TRANSITO _98 |
||
| 942 | _cBK | ||
| 999 |
_c4990 _d4990 |
||